Algebra /

Guardado en:
Autor Principal: Faith, Carl Clifton, 1927-
Formato: Libro
Idioma:English
Publicado: Berlin ; New York : Springer-Verlag, 1973-1976.
Series:Die Grundlehren der mathematischen Wissenschaften in Einzeldarstellungen mit besonderer Berücksichtigung der Anwendungsgebiete ; Bd. 190-191
Materias:
Etiquetas: Agregar Etiqueta
Sin Etiquetas, Sea el primero en etiquetar este registro!
LEADER 01157cam a2200277 4500
001 MAT.inmabb006950
008 740117m19731976gw#a#####b####001#0#eng##
005 20170512134505.0
245 1 0 |a Algebra /  |c Carl Faith. 
260 |a Berlin ;  |a New York :  |b Springer-Verlag,  |c 1973-1976. 
300 |a 2 v. :  |b il. ;  |c 25 cm. 
440 4 |a Die Grundlehren der mathematischen Wissenschaften in Einzeldarstellungen mit besonderer Berücksichtigung der Anwendungsgebiete ;  |v Bd. 190-191 
504 |a Bibliografía: v. 1, p. [538]-550; v. 2, p. [266]-292. 
505 0 |a v. 1. Rings, modules, and categories. -- v. 2. Ring theory. 
510 4 |a MR,  |c 55 #383 
500 |a La biblioteca solo posee el v. 2 de esta edición; el v. 1 está disponible en una reimpresión corregida publicada en 1981.  |5 AR-BbIMB 
020 |a 0387055517 (New York) (v. 1) 
020 |a 0387057056 (New York) (v. 2) 
100 1 |a Faith, Carl Clifton,  |d 1927- 
650 0 |a Rings (Algebra) 
650 0 |a Modules (Algebra) 
650 0 |a Categories (Mathematics) 
084 |a 16-02  |2 msc2000 
010 |a  72096724  
040 |a DLC  |c DLC  |d DLC 
859 |h 16  |i F174  |p A-5327  |v 2  |3 v. 2  |b BIB. MATEMATICA